El Dumping social: la política social como política comercial

Este trabajo aborda desde una perspectiva económica los debates sobre el impacto que las divergencias salariales ejercen sobre las negociaciones comerciales, al incidir sobre los niveles de competitividad internacional, con especial referencia al así denominado "dumping social". REV//jmml...

詳細記述

保存先:
書誌詳細
フォーマット: テキスト
主題:
タグ: タグ追加
タグなし, このレコードへの初めてのタグを付けませんか!

MARC

LEADER 00000 a a2200000 04500
001 17447
003
040
245 |a El Dumping social: la política social como política comercial 
520 |a Este trabajo aborda desde una perspectiva económica los debates sobre el impacto que las divergencias salariales ejercen sobre las negociaciones comerciales, al incidir sobre los niveles de competitividad internacional, con especial referencia al así denominado "dumping social". REV//jmml  
650 |a POLITICA SOCIAL  
650 |a POLITICA COMERCIAL  
650 |a PAISES EN DESARROLLO  
650 |a GATT  
650 |a DERECHOS HUMANOS  
650 |a MERCADO DE TRABAJO  
650 |a COMERCIO INTERNACIONAL  
650 |a OIT  
773 |g número 14, volumen 4; páginas 21-36  
999 |c 25499  |d 25499